| 000 | 01283nam a2200349 i 4500 | ||
|---|---|---|---|
| 001 | 190592 | ||
| 003 | ES-MaACL | ||
| 005 | 20251203063035.0 | ||
| 008 | 220107s2017 sp a |||| 001 0dspa d | ||
| 017 |
_aB 25276-2016 _bOficina Depósito Legal Barcelona |
||
| 020 | _a978-84-16843-16-9 | ||
| 040 |
_aES-MaACL _bspa _cES-MaACL _erda |
||
| 080 | _a821.134.2-14"19" | ||
| 100 | 1 |
_aMacías, Luz _eaut _9145842 |
|
| 245 | 1 | 0 |
_aMadrina de guerra / _cLuz Macías |
| 250 | _aSegunda edición, marzo de 2017 | ||
| 264 | 1 |
_aBarcelona : _bCarena, _c2017 |
|
| 300 |
_a205 páginas : _bilustraciones (blanco y negro y color) ; _c23 cm |
||
| 336 |
_2rdacontent _atexto |
||
| 337 |
_2rdamedia _asin mediación |
||
| 338 |
_2rdacarrier _avolumen |
||
| 490 | 0 |
_aHistoria ; _v271 |
|
| 500 | _aÍndice | ||
| 655 | 4 |
_2tgfbne _9176539 _aPoesías |
|
| 655 | 0 |
_9235124 _aCartas |
|
| 852 | 4 |
_aES-MaACL _jA-14853 _9197770 _bR.152260 _cDEPO1 _dOlim: N-7853 _gDedicatoria autógrafa de la autora _hDonación: Luz Macías |
|
| 852 | 4 |
_aES-MaACL _jA-15839 _9206893 _cDEPO1 _hDonacion: Luz Macías _gDedicatoria autógrafa de la autora _xEncuadernación rústica con solapas |
|
| 903 |
_9145842 _aMacías, Luz _ednr |
||
| 942 |
_cMONOGRAFIA _n0 |
||
| 999 |
_c190592 _d190592 |
||